[Event "San Francisco Grey Memorial"]
[Site "San Francisco"]
[Date "2017.08.29"]
[Round "4"]
[White "Abraham, Michael David"]
[Black "Argo, Guy M"]
[Result "0-1"]
[WhiteElo "1535"]
[BlackElo "1972"]
[PlyCount "48"]
[EventDate "2017.08.08"]
[EventType "swiss"]
[EventRounds "9"]
[EventCountry "USA"]
[SourceTitle "EXT 2023"]
[Source "ChessBase"]
[SourceDate "2022.10.05"]
[SourceVersion "1"]
[SourceVersionDate "2022.10.05"]
[SourceQuality "1"]

1. d4 f5 2. c4 e6 3. Nf3 Nf6 4. Bg5 Bb4+ 5. Nbd2 h6 6. Bxf6 Qxf6 7. e3 b6 8. Be2 Bb7 9. Ne5 0-0 10. 0-0 d6 11. Nd3 Bxd2 12. Qxd2 e5 13. dxe5 dxe5 14. f4 e4 15. Ne5 Rd8 16. Qe1 Na6 17. b4 Qd6 18. c5 bxc5 19. Bc4+ Bd5 20. Rd1 Nxb4 21. a3 Nd3 22. Nxd3 Bxc4 23. Nb2 Bd3 24. Nc4 Qa6 0-1

[Event "San Francisco TNM Spring op"]
[Site "San Francisco"]
[Date "2017.04.04"]
[Round "4"]
[White "Ivanov, Aleksandr Y"]
[Black "Argo, Guy M"]
[Result "1-0"]
[WhiteElo "2082"]
[BlackElo "1974"]
[PlyCount "59"]
[EventDate "2017.03.14"]
[EventType "swiss"]
[EventRounds "8"]
[EventCountry "USA"]
[SourceTitle "EXT 2023"]
[Source "ChessBase"]
[SourceDate "2022.10.05"]
[SourceVersion "1"]
[SourceVersionDate "2022.10.05"]
[SourceQuality "1"]

1. d4 e6 2. c4 f5 3. g3 Nf6 4. Bg2 d6 5. Nc3 Be7 6. Nf3 0-0 7. 0-0 Qe8 8. Bf4 h6 9. Qc2 g5 10. Bc1 Qg6 11. Nd2 Nc6 12. d5 Nd8 13. dxe6 c6 14. Bh3 Bxe6 15. b3 Qh5 16. Bg2 f4 17. Bb2 Ng4 18. h3 fxg3 19. fxg3 Rxf1+ 20. Nxf1 Ne5 21. g4 Qh4 22. Ne4 h5 23. c5 Ndf7 24. cxd6 Bd8 25. Bd4 hxg4 26. hxg4 Bb6 27. Rd1 Kg7 28. Nc5 Qxg4 29. Ne3 Qg3 30. Nxe6+ 1-0

[Event "San Francisco TNM Winter op"]
[Site "San Francisco"]
[Date "2017.01.10"]
[Round "2"]
[White "White, Benjamin M"]
[Black "Argo, Guy M"]
[Result "0-1"]
[WhiteElo "1721"]
[BlackElo "1983"]
[PlyCount "62"]
[EventDate "2017.01.03"]
[EventType "swiss"]
[EventRounds "8"]
[EventCountry "USA"]
[SourceTitle "EXT 2018"]
[Source "ChessBase"]
[SourceDate "2017.10.13"]
[SourceVersion "1"]
[SourceVersionDate "2017.10.13"]
[SourceQuality "1"]

1. e4 c5 2. Nf3 g6 3. d4 cxd4 4. Nxd4 Bg7 5. Bg5 Qa5+ 6. Bd2 Qe5 7. Qf3 Nf6 8. Qc3 0-0 9. f3 Nxe4 10. fxe4 Qxd4 11. Qxd4 Bxd4 12. Bc3 Nc6 13. Bc4 d6 14. Nd2 Bxc3 15. bxc3 Ne5 16. Bb3 Be6 17. Nf3 Nxf3+ 18. gxf3 Rac8 19. Kd2 Rc5 20. Rag1 Rfc8 21. h4 Rxc3 22. Bxe6 Rxc2+ 23. Ke3 fxe6 24. h5 e5 25. Rd1 R8c3+ 26. Rd3 Rxd3+ 27. Kxd3 Rxa2 28. hxg6 hxg6 29. Rc1 b5 30. Rc8+ Kf7 31. Rb8 Ra3+ 0-1

[Event "San Francisco TNM Fall op"]
[Site "San Francisco"]
[Date "2008.12.09"]
[Round "9"]
[White "Argo, Guy M"]
[Black "Royzen, Igor"]
[Result "1-0"]
[WhiteElo "1886"]
[BlackElo "1767"]
[PlyCount "61"]
[EventDate "2008.10.14"]
[EventType "swiss"]
[EventRounds "10"]
[EventCountry "USA"]
[SourceTitle "EXT 2012"]
[Source "ChessBase"]
[SourceDate "2011.11.24"]
[SourceVersion "1"]
[SourceVersionDate "2011.11.24"]
[SourceQuality "1"]

1. e4 Nf6 2. Nc3 d5 3. e5 Ne4 4. Nce2 f6 5. d3 Ng5 6. Ng3 Nf7 7. exf6 exf6 8. d4 Bd6 9. Bd3 Nc6 10. c3 Ne7 11. N1e2 c6 12. 0-0 Qc7 13. Re1 0-0 14. Qc2 g6 15. Nf4 Kg7 16. Nfh5+ gxh5 17. Nxh5+ Kh8 18. Nxf6 Bxh2+ 19. Kh1 Bf4 20. Qe2 Bf5 21. Bxf5 Nxf5 22. Qh5 Ng5 23. Ne8 Qb8 24. g3 Bxc1 25. Raxc1 Rxe8 26. Qxg5 Rf8 27. Re5 Qc8 28. Kg2 Qd7 29. g4 Ng7 30. Re7 Qf5 31. Qxg7# 1-0